000 00604nam a2200241Ia 4500
008 170203s9999 xx 000 0 und d
020 _a0-732962730
050 _aFic
050 _b.C689j 2000
100 _aCole, Sally
245 _aJimmy the Gymnast /
245 _c Sally Cole; Suzie Byrne
260 _aSouth Yarra :
260 _bMacmillan Education Australia Pty Ltd
260 _c2000
300 _a16 pages ;
650 _aGymnasts --
650 _aGymnasts --
650 _aRescues --
650 _xFiction.
650 _xJuvenile fiction.
650 _xJuvenile fiction.
999 _c306012
_d306012